Genio y figura de jose enrique rodo /
Guardado en:
| Autor Principal: | |
|---|---|
| Formato: | Libro |
| Publicado: |
Buenos Aires :
Eudeba,
1966
|
| Series: | Biblioteca De America / Colecc
|
| Materias: | |
| Etiquetas: |
Agregar Etiqueta
Sin Etiquetas, Sea el primero en etiquetar este registro!
|
| LEADER | 00518nam a22001695a 4500 | ||
|---|---|---|---|
| 001 | EHU.bham024407 | ||
| 003 | AR-BHAM | ||
| 005 | 20130507143716.0 | ||
| 008 | 130507s1966##################000#0#####d | ||
| 082 | U | 8 | |a 863.407 |
| 100 | 1 | |a Benedetti, Mario | |
| 245 | 1 | 0 | |a Genio y figura de jose enrique rodo / |c Mario Benedetti |
| 260 | |a Buenos Aires : |b Eudeba, |c 1966 | ||
| 300 | |a 191 p. | ||
| 490 | 0 | |a Biblioteca De America / Colecc | |
| 653 | |a Donacion lejarraga | ||
| 859 | |a AR-BHAM |b BIB. HUMANIDADES - General |h U863.407 |i B434 |k U |p 99.02 |t Ej.1 | ||
